00452nam a22001457a 450000500170000000800410001702000280005804100130008608200150009910000240011424500600013826000570019830000260025565000250028120231206074456.0231206b |||||||| |||| 00| 0 eng d a0409040908 ; 0409040906 aEnglish  a342.9 MEY  aMeyer, J lEnglish  aLocal Government Law : bGeneral Principles /cJ Meyer  aDurban : bButterworth and Company (Pty) Ltd, c1978 b208 pages ; c26 cm.  aLegal practice bLaw